000 01014cam a2200253 4500
001 WB3701-30
008 000000n2000 000 0 eng u
035 _a(Sirsi) u110021
245 _aHousebuilding on flood plains
260 _c2000
490 _aIndependent
_v21 December 2000, 11(1)
520 _aThe environment select committee has called on the government to constrain building and agricultural development on flood plains, backing DETR proposals to tighten up its planning policy guidance note on flooding. The committee chairman also called for clear assessments of the level of risk of flooding to be included in the new homebuyers information packs.
590 _aWB
650 _aFLOODING
650 _aFLOOD PLAINS
650 _aSUSTAINABLE DEVELOPMENT
650 _aPPG25
650 _aRICS HOMEBUYER SURVEY AND VALUATION
650 _aHOUSE BUILDING
650 _aAGRICULTURAL DEVELOPMENT
650 _aPLANNING POLICY
690 _aPlanning and development
_96259
942 _n0
999 _c65625
_d65625